• 首页
  • 本馆介绍
  • 公告通知
  • 最新文献
  • 馆藏检索
  • 电子资源
  • 读者导购
  • 参考咨询
  • 我的图书馆
  • 登录
  • 详细信息显示
  • 放入我的书架
  • 预约/预借图书
  • 作者相关作品
  • 分类相关作品
  • 丛书相关作品
  • 出版社相关作品

书目信息

  • 表格格式
  • 工作单格式
  • 卡片格式
书名: The representation theory of finite groups
作者: Walter Feit.
分册号:
分册名:
出版地: Amsterdam ;
 
出版社: North-Holland Pub. Co
出版时间: 1982.
页数: xiv, 502 p. ;
开本: 23 cm.
丛书名:
中图分类号:
科图分类号:
其他分类号: O52:H31
主题词:
电子资源:
000 00996pam a2200289 i 450
001 E0736343780
005 20070717103357.64
008 810107s1982 ne b 001 0 eng
010    @a80029622
020    @a0444861556.
035    @A(DLC) 80029622
040    @aDLC@cDLC@dDLC
050 00 @aQA171@b.F36 1982
082 00 @a512/.22@2 19
090    @aO52:H31
099    @dO52:H31@ex8
100 1  @aFeit, Walter,@d1930-
245 14 @aThe representation theory of finite groups / @cWalter Feit.
260    @aAmsterdam ;@aNew York :@bNorth-Holland Pub. Co. :@bsole distributors for the U.S.A. and Canada, Elsevier Science Pub. Co.,@c1982.
300    @axiv, 502 p. ;@c23 cm.
490 0  @aNorth-Holland mathematical library
500    @aIncludes index.
504    @aBibliography: p. 476-499.
650  0 @aModular representations of groups.
650  0 @aFinite groups.
906    @a7@bcbc@corignew@d1@eocip@f19@gy-gencatlg
991    @bc-GenColl@hQA171@i.F36 1982@p00035064023@tCopy 1@wBOOKS
    
    The representation theory of finite groups / / Walter Feit.-Amsterdam ; ; New York : : North-Holland Pub. Co. : : sole distributors for the U.S.A. and Canada, Elsevier Science Pub. Co., , 1982.
    xiv, 502 p. ; ; 23 cm.- (North-Holland mathematical library )
    Includes index.-Bibliography: p. 476-499.
    
    ISBN 0444861556.
    
●
相关链接 在E读中查询图书 在五车中查询图书 在当当中查询图书 在豆瓣中查询图书


正题名:representation theory of finite groups     索取号:O52:H31/x8         预约/预借

序号 登录号 条形码 馆藏地/架位号 状态 备注
1 136930   202161837   第二样本阅览室/ [索取号:O52:H31/x8] 在馆    
2 136931   202161828   第四借阅区/ [索取号:O52:H31/x8] 在馆    
唐山师范学院图书馆 欢迎您!
大连网信软件有限公司© 版权所有